<?xml version="1.0" encoding="UTF-8"?><?xml-stylesheet type="text/xsl" href="static/style.xsl"?><OAI-PMH xmlns="http://www.openarchives.org/OAI/2.0/" xmlns:xsi="http://www.w3.org/2001/XMLSchema-instance" xsi:schemaLocation="http://www.openarchives.org/OAI/2.0/ http://www.openarchives.org/OAI/2.0/OAI-PMH.xsd"><responseDate>2026-04-17T03:41:51Z</responseDate><request verb="GetRecord" identifier="oai:www.recercat.cat:11351/10953" metadataPrefix="marc">https://recercat.cat/oai/request</request><GetRecord><record><header><identifier>oai:recercat.cat:11351/10953</identifier><datestamp>2025-09-30T02:07:42Z</datestamp><setSpec>com_2072_378070</setSpec><setSpec>com_2072_378040</setSpec><setSpec>col_2072_378092</setSpec></header><metadata><record xmlns="http://www.loc.gov/MARC21/slim" xmlns:dcterms="http://purl.org/dc/terms/" xmlns:xsi="http://www.w3.org/2001/XMLSchema-instance" xmlns:doc="http://www.lyncode.com/xoai" xsi:schemaLocation="http://www.loc.gov/MARC21/slim http://www.loc.gov/standards/marcxml/schema/MARC21slim.xsd">
   <leader>00925njm 22002777a 4500</leader>
   <datafield ind2=" " ind1=" " tag="042">
      <subfield code="a">dc</subfield>
   </datafield>
   <datafield ind2=" " ind1=" " tag="720">
      <subfield code="a">Augustinus, Simone</subfield>
      <subfield code="e">author</subfield>
   </datafield>
   <datafield ind2=" " ind1=" " tag="720">
      <subfield code="a">van Laarhoven, H.W.M.</subfield>
      <subfield code="e">author</subfield>
   </datafield>
   <datafield ind2=" " ind1=" " tag="720">
      <subfield code="a">Cirkel, Geert A.</subfield>
      <subfield code="e">author</subfield>
   </datafield>
   <datafield ind2=" " ind1=" " tag="720">
      <subfield code="a">de Groot, Jan Willem B.</subfield>
      <subfield code="e">author</subfield>
   </datafield>
   <datafield ind2=" " ind1=" " tag="720">
      <subfield code="a">Groot Koerkamp, Bas</subfield>
      <subfield code="e">author</subfield>
   </datafield>
   <datafield ind2=" " ind1=" " tag="720">
      <subfield code="a">Macarulla, Teresa</subfield>
      <subfield code="e">author</subfield>
   </datafield>
   <datafield ind2=" " ind1=" " tag="260">
      <subfield code="c">2024-02-01T11:44:58Z</subfield>
   </datafield>
   <datafield ind2=" " ind1=" " tag="260">
      <subfield code="c">2024-02-01T11:44:58Z</subfield>
   </datafield>
   <datafield ind2=" " ind1=" " tag="260">
      <subfield code="c">2023-11-27</subfield>
   </datafield>
   <datafield ind2=" " ind1=" " tag="520">
      <subfield code="a">Asymptomatic; Expert survey; Pancreatic cancer</subfield>
   </datafield>
   <datafield ind2=" " ind1=" " tag="520">
      <subfield code="a">Asimptomàtic; Enquesta d'experts; Càncer de pàncrees</subfield>
   </datafield>
   <datafield ind2=" " ind1=" " tag="520">
      <subfield code="a">Asintomático; Encuesta de expertos; Cáncer de páncreas</subfield>
   </datafield>
   <datafield ind2=" " ind1=" " tag="520">
      <subfield code="a">Background: The use of imaging, in general, and during follow-up after resection of pancreatic cancer, is increasing. Consequently, the number of asymptomatic patients diagnosed with metastatic pancreatic cancer (mPDAC) is increasing. In these patients, palliative systemic therapy is the only tumor-directed treatment option; hence, it is often immediately initiated. However, delaying therapy in asymptomatic palliative patients may preserve quality of life and avoid therapy-related toxicity, but the impact on survival is unknown. This study aimed to gain insight into the current perspectives and clinical decision=making of experts regarding the timing of treatment initiation of patients with asymptomatic mPDAC. Methods: An online survey (13 questions, 9 case-vignettes) was sent to all first and last authors of published clinical trials on mPDAC over the past 10 years and medical oncologists of the Dutch Pancreatic Cancer Group. Inter-rater variability was determined using the Kappa Light test. Differences in the preferred timing of treatment initiation among countries, continents, and years of experience were analyzed using Fisher’s exact test. Results: Overall, 78 of 291 (27%) medical oncologists from 15 countries responded (62% from Europe, 23% from North America, and 15% from Asia–Pacific). The majority of respondents (63%) preferred the immediate initiation of chemotherapy following diagnosis. In 3/9 case-vignettes, delayed treatment was favored in specific clinical contexts (i.e., patient with only one small lung metastasis, significant comorbidities, and higher age). A significant degree of inter-rater variability was present within 7/9 case-vignettes. The recommended timing of treatment initiation differed between continents for 2/9 case-vignettes (22%), in 7/9 (77.9%) comparing the Netherlands with other countries, and based on years of experience for 5/9 (56%). Conclusions: Although the response rate was limited, in asymptomatic patients with mPDAC, immediate treatment is most often preferred. Delaying treatment until symptoms occur is considered in patients with limited metastatic disease, more comorbidities, and higher age.</subfield>
   </datafield>
   <datafield tag="653" ind2=" " ind1=" ">
      <subfield code="a">Pàncrees - Càncer - Quimioteràpia</subfield>
   </datafield>
   <datafield tag="653" ind2=" " ind1=" ">
      <subfield code="a">Pàncrees - Càncer - Tractament pal·liatiu</subfield>
   </datafield>
   <datafield tag="653" ind2=" " ind1=" ">
      <subfield code="a">Metàstasi</subfield>
   </datafield>
   <datafield tag="653" ind2=" " ind1=" ">
      <subfield code="a">DISEASES::Neoplasms::Neoplasms by Site::Digestive System Neoplasms::Pancreatic Neoplasms</subfield>
   </datafield>
   <datafield tag="653" ind2=" " ind1=" ">
      <subfield code="a">Other subheadings::Other subheadings::Other subheadings::/drug therapy</subfield>
   </datafield>
   <datafield tag="653" ind2=" " ind1=" ">
      <subfield code="a">ANALYTICAL, DIAGNOSTIC AND THERAPEUTIC TECHNIQUES, AND EQUIPMENT::Therapeutics::Patient Care::Palliative Care</subfield>
   </datafield>
   <datafield tag="653" ind2=" " ind1=" ">
      <subfield code="a">DISEASES::Pathological Conditions, Signs and Symptoms::Pathologic Processes::Disease Attributes::Asymptomatic Diseases</subfield>
   </datafield>
   <datafield tag="653" ind2=" " ind1=" ">
      <subfield code="a">DISEASES::Neoplasms::Neoplastic Processes::Neoplasm Metastasis</subfield>
   </datafield>
   <datafield tag="653" ind2=" " ind1=" ">
      <subfield code="a">ENFERMEDADES::neoplasias::neoplasias por localización::neoplasias del sistema digestivo::neoplasias pancreáticas</subfield>
   </datafield>
   <datafield tag="653" ind2=" " ind1=" ">
      <subfield code="a">Otros calificadores::Otros calificadores::Otros calificadores::/farmacoterapia</subfield>
   </datafield>
   <datafield tag="653" ind2=" " ind1=" ">
      <subfield code="a">TÉCNICAS Y EQUIPOS ANALÍTICOS, DIAGNÓSTICOS Y TERAPÉUTICOS::terapéutica::asistencia al paciente::cuidados paliativos</subfield>
   </datafield>
   <datafield tag="653" ind2=" " ind1=" ">
      <subfield code="a">ENFERMEDADES::afecciones patológicas, signos y síntomas::procesos patológicos::atributos de la enfermedad::enfermedades asintomáticas</subfield>
   </datafield>
   <datafield tag="653" ind2=" " ind1=" ">
      <subfield code="a">ENFERMEDADES::neoplasias::procesos neoplásicos::metástasis neoplásica</subfield>
   </datafield>
   <datafield ind2="0" ind1="0" tag="245">
      <subfield code="a">Timing of Initiation of Palliative Chemotherapy in Asymptomatic Patients with Metastatic Pancreatic Cancer: An International Expert Survey and Case-Vignette Study</subfield>
   </datafield>
</record></metadata></record></GetRecord></OAI-PMH>